LEADER 01489nam0 2200325 450 001 000041011 005 20160502164110.0 010 $a2-85203-202-3 100 $a20150720d1991----km-y0itaa50------ba 101 0 $afre$afro 102 $aFR 200 1 $aAspects fantastiques de la littérature narrative médiévale (XIIème - XIIIème siècles)$el'autre, l'ailleurs, l'autrefois$fFrancis Dubost 210 $aParis$cChampion$d1991 215 $a2 vol. (1057 p. complessive)$d22 cm 225 2 $aNouvelle bibliothèque du moyen âge$v15 327 1 $aVol. I: 627 p.$aVol II: P. 630-1057 410 0$12001$aNouvelle bibliothèque du moyen âge$v15 606 1 $aNarrativa fantastica$zSec. 12.-13. 676 $a843.1$v(22. ed.)$9Narrativa francese. Primo periodo, fino al 1399 700 1$aDubost,$bFrancis$0165350 801 0$aIT$bUniversità della Basilicata - B.I.A.$gREICAT$2unimarc 912 $a000041011 996 $aAspects fantastiques de la littérature narrative médiévale (XIIème - XIIIème siècles)$91530794 997 $aUNIBAS BAS $aLETTERE CAT $aSTD106$b01$c20150720$lBAS01$h1613 CAT $aMDL$b30$c20160502$lBAS01$h1641 FMT Z30 -1$lBAS01$LBAS01$mBOOK$1BASA1$APolo Storico-Umanistico$2DSLF$BCollezione DiSLF$3DF/E2817$64374/1$5F4374/1$820150720$f02$FPrestabile Generale$hTome I Z30 -1$lBAS01$LBAS01$mBOOK$1BASA1$APolo Storico-Umanistico$2DSLF$BCollezione DiSLF$64374/2$5F4374/2$820150720$f04$FPrestabile Didattica$hTome II LEADER 03214nam 2200673 450 001 9910811200003321 005 20230125213556.0 010 $a1-78238-547-9 024 7 $a10.1515/9781782385479 035 $a(CKB)3710000000260981 035 $a(EBL)1644371 035 $a(SSID)ssj0001349899 035 $a(PQKBManifestationID)11877414 035 $a(PQKBTitleCode)TC0001349899 035 $a(PQKBWorkID)11287792 035 $a(PQKB)10806872 035 $a(Au-PeEL)EBL1644371 035 $a(CaPaEBR)ebr10956102 035 $a(CaONFJC)MIL655462 035 $a(OCoLC)893735680 035 $a(DE-B1597)637084 035 $a(DE-B1597)9781782385479 035 $a(MiAaPQ)EBC1644371 035 $a(EXLCZ)993710000000260981 100 $a20141029h20152015 uy 0 101 0 $aeng 135 $aur|n|---||||| 181 $ctxt 182 $cc 183 $acr 200 10$aEnhancing democracy $epublic policies and citizen participation in Chile /$fGonzalo Delamaza 210 1$aNew York, [New York] ;$aOxford, [England] :$cBerghahn Books,$d2015. 210 4$d©2015 215 $a1 online resource (308 p.) 225 1 $aCEDLA Latin America Studies ;$vVolume 104 300 $aDescription based upon print version of record. 311 $a1-322-24182-1 311 $a1-78238-546-0 320 $aIncludes bibliographical references and index. 327 $aContents; Tables; Acknowledgements; Abbreviations; Introduction: The Question of Democracy in a Democratic Society; Chapter 1 - Construction of Democracy, Public Policy and Civil Society's Participation; Chapter 2 - Chile: Top-down Modernization and Low-intensity Re-democratization; Chapter 3 - Social Policy Agendas in the Transition to Democracy; Chapter 4 - Civil Society, Public Policy Networks and Participatory Initiatives; Chapter 5 - From Civil Society to the State: A New Elite Is Born?; Conclusion - Participation and Public Policy in the Chilean Democratic Process; References; Index 330 $aSince the end of the Pinochet regime, Chilean public policy has sought to rebuild democratic governance in the country. This book examines the links between the state and civil society in Chile and the ways social policies have sought to ensure the inclusion of the poor in society and democracy. Although Chile has gained political stability and grown economically, the ability of social policies to expand democratic governance and participation has proved limited, and in fact such policies have become subordinate to an elitist model of democracy and resulted in a restrictive form of citizen pa 410 0$aLatin America studies ;$vVolume 104. 606 $aPolitical participation$zChile 606 $aDemocracy$zChile 606 $aCivil society$zChile 607 $aChile$xSocial policy 607 $aChile$xPolitics and government$y1988- 615 0$aPolitical participation 615 0$aDemocracy 615 0$aCivil society 676 $a320.60983 700 $aDelamaza$b Gonzalo$01670498 801 0$bMiAaPQ 801 1$bMiAaPQ 801 2$bMiAaPQ 906 $aBOOK 912 $a9910811200003321 996 $aEnhancing democracy$94032391 997 $aUNINA